00630nam a2200217Ia 4500003000400000005001700004008004100021020001900062040000700081041000800088082001300096100002700109245003200136260002000168300000900188650002800197700002700225942001300252999001900265952012800284OSt20251212122912.0250729s2004 xx 000 0 und d a978-8174452689 cAL aeng a020 CHAD aChauhan Sachin9227000 aDeveloping a public library aNew Delhic2004 a190p aLibrary Science9227001 aRao Digumurthi9227002 2ddccBED c237496d237496 00104070aALbALd2025-07-29eSita Book Houseg625.00l0o020 CHADpBED02815r2025-07-29 16:55:47v625.00w2025-07-29yBK